Statistiques concernant Culture Générale - Série 969

Cliquez ici pour prendre le quiz!

Statistiques générales

  • Ce quiz a été pris 89 fois
  • Le résultat moyen est 6 sur 10

Statistiques - réponses

QuestionRéponse% Correct
Quel est le féminin du mot "copain" ?copine
98%
Le dessert fait d'oeufs à la neige posés sur de la crème anglaise est appelé "îles...flottantes
95%
Dans quelle ville de Bretagne se déroule chaque année le Festival Interceltique ?Lorient
75%
De quelle comédienne Serge Reggiani tombe-t-il amoureux dans “Casque d'or” ?Simone Signoret
64%
En 1971, d'après le tube du groupe "Martin Circus", dans quel pays africain s'éclate-t-on ?Sénégal
57%
Que signifie l'initiale “D” dans Franklin D. Roosevelt ?Delano
53%
Quel nom désigne à la fois la partie du cheval située au-dessus de l'épaule et le lien qui comprime un membre ?garrot
52%
Quel film sorti en 1972 a pour titre original "The Godfather" ?Le Parrain
52%
Quel cinéaste, prénommé Henri-Georges, a réalisé “Le Salaire de la peur”, en 1953 ?Henri-Georges Clouzot
46%
Selon le proverbe, qu'est-ce qui “chasse le loup hors du bois” ?la faim
37%

Distribution des résultats

Percentile par nombre de réponses

% des personnes avec chaque résultat

Votre développement - résultats

Vous n’avez pas pris ce quiz